000 03395cam a22012494i 4500
003 PE-LiUPU
005 20250813185434.0
008 191028s2017 ck a rb 000 0 spa d
020 _a9587626338
020 _a9789587626339
035 _a(Sirsi) a252641
040 _aPE-LiUPU
_bspa
_cPE-LiUPU
_erda
049 _aPRUA
082 0 4 _a378.125
_bL88
_220
100 1 _aLópez Noguero, Felipe,
_eautor.
245 1 0 _aMetodología participativa en la enseñanza universitaria /
_cFernando López Noguero.
250 _aPrimera edición.
264 1 _aBogotá :
_bEdiciones de la U,
_c2017.
300 _a175 páginas :
_bilustraciones ;
_c24 centímetros.
336 _atext
_2rdacontent
337 _aunmediated
_2rdamedia
338 _avolume
_2rdacarrier
490 0 _aÁrea: Educación
504 _aBibliografía: páginas 171-175.
505 0 _aNuevos retos de la enseñanza universitaria -- Profesor/alumno, sujeto/objeto de educación. Hacia un nuevo concepto de aprendizaje -- El grupo en la docencia universitaria -- Comunicación y motivación en los procesos educativos de la enseñanza superior -- Metodología participativa en educación -- Técnicas participativas -- Cómo desarrollar clases participativas: claves para el éxito -- Veinte técnicas participativas.
526 _aP202
526 _aP201
526 _aP163
526 _aP162
526 _aP161
526 _aP160
526 _aP148
526 _aP147
526 _aP146
526 _aP145
526 _aP144
526 _aP143
526 _aP142
526 _aP141
526 _aP140
526 _aP139
526 _aP138
526 _aP137
526 _aP136
526 _aP135
526 _aP134
526 _aP133
526 _aP129
526 _aP128
526 _aP127
526 _aP120
526 _aP119
526 _aP118
526 _aP116
526 _aP115
526 _aP114
526 _aP110
526 _aP109
526 _aP108
526 _aP104
526 _aP103
526 _aP102
526 _aP99
526 _aP98
526 _aP97
526 _aP96
526 _aP95
526 _aP93
526 _aP90
526 _aP89
526 _aP88
526 _aP83
526 _aP82
526 _aP62
526 _aP59
526 _aP58
526 _aP57
526 _aP51
526 _aP49
526 _aP48
526 _aP47
526 _aP29
526 _aP24
526 _aP20
526 _aP19
526 _aP17
526 _aP15
526 _aP14
526 _aP12
526 _aP10
526 _aP09
526 _aP08
526 _aP07
526 _aP06
526 _aP05
526 _aP04
526 _aP01
541 _g002-00001663;
650 0 7 _aEnseñanza superior
_xDidáctica.
_2embne
650 0 4 _aEducación superior
_xMetodología.
650 0 4 _aEnseñanza universitaria.
910 _adbm
_bncf
_cncf
_d20191028
942 _2ddc
_cBOOK
994 _aC0
_bPEPRU
596 _a1
999 _a378.125 L88
_wDEWEY
_c31871
_i80808
_f2021-11-8
_g3
_lCCODEBUL1
_mBUL
_p12.59
_r0
_sY
_tBOOK
_u2019-10-28
_xEDUCACION
_zTO-MENCIÓN
_0COMPRA
_1FCOMPR4
_o.STAFF. Colección Ciencias Humanas y Educación
_d31871
980 _81
_gALBERTO SANCHEZ Responsable de Automatización